Making the past part of our future (Record no. 104404)

MARC details
000 -LEADER
fixed length control field 00658cam a2200157 4500
001 - CONTROL NUMBER
control field L130321
008 - FIXED-LENGTH DATA ELEMENTS--GENERAL INFORMATION
fixed length control field 000000n2005 000 0 eng u
035 ## - SYSTEM CONTROL NUMBER
System control number (Sirsi) u130231
050 ## - LIBRARY OF CONGRESS CALL NUMBER
Classification number 711.52
-- 18
110 ## - MAIN ENTRY--CORPORATE NAME
Corporate name or jurisdiction name as entry element English Heritage
9 (RLIN) 2714
245 ## - TITLE STATEMENT
Title Making the past part of our future
Remainder of title English Heritage strategy 2005-2010
260 ## - PUBLICATION, DISTRIBUTION, ETC.
Place of publication, distribution, etc. Swindon
Name of publisher, distributor, etc. English Heritage
Date of publication, distribution, etc. 2005
690 ## - LOCAL SUBJECT ADDED ENTRY--TOPICAL TERM (OCLC, RLIN)
Topical term or geographic name as entry element BUILT ENVIRONMENT-BUILDING TYPES-HISTORIC BUILDINGS AND ANCIENT MONUMENTS
856 ## - ELECTRONIC LOCATION AND ACCESS
Uniform Resource Identifier <a href="https://www.english-heritage.org.uk/publications/eh-strategy-2005-2010/making-past-part-of-our-future.pdf">https://www.english-heritage.org.uk/publications/eh-strategy-2005-2010/making-past-part-of-our-future.pdf</a>
Public note View the item free of charge at www.english-heritage.org.uk...
942 ## - ADDED ENTRY ELEMENTS (KOHA)
Suppress in OPAC 0
Holdings
Withdrawn status Lost status Source of classification or shelving scheme Damaged status Not for loan Home library Current library Shelving location Date acquired Total Checkouts Full call number Barcode Date last seen Copy number Price effective from Koha item type
    Dewey Decimal Classification     Virtual Virtual Online 04/07/2005   ONLINE PUBLICATION 130231-2001 06/08/2019 1 06/08/2019 Book